[Event "CUB-ch 61st"]
[Site "Ciego de Avila"]
[Date "2025.02.06"]
[Round "2"]
[White "Rodriguez Hernandez, Luis Daniel"]
[Black "Espinosa Veloz, Ermes"]
[Result "1-0"]
[WhiteElo "2394"]
[BlackElo "2499"]
[PlyCount "83"]
[EventDate "2025.02.05"]
[EventType "swiss"]
[EventRounds "10"]
[EventCountry "CUB"]
[SourceTitle "CB08_2025"]
[SourceDate "2025.02.19"]
[SourceVersion "1"]
[SourceVersionDate "2025.02.19"]
[SourceQuality "1"]

1. e4 e6 2. d4 d5 3. e5 c5 4. c3 Qb6 5. Nf3 Nc6 6. Bd3 Bd7 7. 0-0 cxd4 8. Re1 Rc8 9. Nbd2 dxc3 10. bxc3 Na5 11. Rb1 Qc7 12. c4 Nxc4 13. Bxc4 dxc4 14. Ne4 Bc6 15. Nd6+ Bxd6 16. exd6 Bxf3 17. Qxf3 Qc6 18. d7+ Qxd7 19. Rxb7 Rc7 20. Rb8+ Rc8 21. Rb7 Rc7 22. Rxc7 Qxc7 23. Bf4 Qb6 24. Rd1 f6 25. h4 Kf7 26. Qa8 e5 27. Be3 Qe6 28. h5 g6 29. Bh6 Qe7 30. Qd5+ Qe6 31. Qxe6+ Kxe6 32. Bg7 Ne7 33. Bxh8 Nf5 34. Rc1 Nd6 35. Bg7 Kf7 36. h6 g5 37. g4 a6 38. f3 Ke7 39. a4 Kf7 40. Kf2 e4 41. fxe4 c3 42. Kf3 1-0

[Event "Guillermo Garcia Memorial-C"]
[Site "Santa Clara"]
[Date "2024.05.21"]
[Round "9"]
[White "Rodriguez Hernandez, Luis Daniel"]
[Black "Cabezas Solano, David Alejandro"]
[Result "0-1"]
[WhiteElo "2383"]
[BlackElo "2202"]
[PlyCount "98"]
[EventDate "2024.05.14"]
[EventType "tourn"]
[EventRounds "9"]
[EventCountry "CUB"]
[EventCategory "1"]
[SourceTitle "CBM 220 Extra"]
[Source "ChessBase"]
[SourceDate "2024.07.31"]
[SourceVersion "1"]
[SourceVersionDate "2024.07.31"]
[SourceQuality "1"]

1. e4 c5 2. Nf3 d6 3. d4 cxd4 4. Nxd4 Nf6 5. Nc3 a6 6. Be3 e5 7. Nb3 Be7 8. f3 Be6 9. Qd2 h5 10. 0-0-0 Nbd7 11. Kb1 Rc8 12. Bg5 b5 13. h4 0-0 14. a3 Qc7 15. g4 hxg4 16. fxg4 Nc5 17. Bxf6 Bxf6 18. g5 Be7 19. Bh3 Qb7 20. Nxc5 Rxc5 21. Nd5 Bxd5 22. exd5 Rc4 23. Qe2 Rf4 24. g6 fxg6 25. Be6+ Kh7 26. Rdg1 R4f6 27. Qd3 e4 28. Qg3 Qc7 29. h5 g5 30. Qxg5 Rf1+ 31. Rxf1 Rxf1+ 32. Rxf1 Bxg5 33. Rf8 Bf6 34. Bf5+ Kh6 35. Rh8+ Kg5 36. Bxe4 Qe7 37. Bg6 Qe1+ 38. Ka2 Qe5 39. c3 Qxd5+ 40. Ka1 Qb3 41. Rc8 d5 42. Rc5 Kf4 43. Bf7 Qd1+ 44. Ka2 d4 45. Bb3 Qe2 46. cxd4 Bxd4 47. Rc2 Qxh5 48. Rd2 Qe5 49. Rxd4+ Qxd4 0-1

[Event "Guillermo Garcia Memorial-C"]
[Site "Santa Clara"]
[Date "2024.05.18"]
[Round "6"]
[White "Garcia Matos, Richard Alejandro"]
[Black "Rodriguez Hernandez, Luis Daniel"]
[Result "0-1"]
[WhiteElo "2324"]
[BlackElo "2383"]
[PlyCount "78"]
[EventDate "2024.05.14"]
[EventType "tourn"]
[EventRounds "9"]
[EventCountry "CUB"]
[EventCategory "1"]
[SourceTitle "CBM 220 Extra"]
[Source "ChessBase"]
[SourceDate "2024.07.31"]
[SourceVersion "1"]
[SourceVersionDate "2024.07.31"]
[SourceQuality "1"]

1. Nf3 d5 2. g3 Nf6 3. Bg2 c5 4. 0-0 h6 5. c3 Nc6 6. d4 cxd4 7. cxd4 Bf5 8. Nc3 e6 9. Qa4 Qd7 10. Bf4 Be7 11. Ne5 Nxe5 12. Bxe5 0-0 13. f3 Qxa4 14. Nxa4 Nd7 15. Bf4 Bf6 16. e3 Rfc8 17. Rfc1 b5 18. Nc3 a6 19. Ne2 Bd3 20. Kf2 Nb6 21. Rxc8+ Rxc8 22. Rc1 Rc2 23. Rxc2 Bxc2 24. Nc1 Be7 25. Bf1 Na4 26. Bd3 Bd1 27. b3 Nc3 28. Bc7 Ba3 29. Ba5 b4 30. Ne2 Nxa2 31. Bxa6 Bxb3 32. Bd3 Bc4 33. Bb1 Bxe2 34. Bxa2 Bd1 35. Ke1 Bxf3 36. Kd2 Bg2 37. Bb3 Bf1 38. Ba4 Bc4 39. Kc2 Kh7 0-1

[Event "Guillermo Garcia Memorial-C"]
[Site "Santa Clara"]
[Date "2024.05.17"]
[Round "4"]
[White "Borges Matos, Juan R"]
[Black "Rodriguez Hernandez, Luis Daniel"]
[Result "1/2-1/2"]
[WhiteElo "2358"]
[BlackElo "2383"]
[PlyCount "24"]
[EventDate "2024.05.14"]
[EventType "tourn"]
[EventRounds "9"]
[EventCountry "CUB"]
[EventCategory "1"]
[SourceTitle "CBM 220 Extra"]
[Source "ChessBase"]
[SourceDate "2024.07.31"]
[SourceVersion "1"]
[SourceVersionDate "2024.07.31"]
[SourceQuality "1"]

1. e4 e5 2. Nf3 Nc6 3. Bb5 a6 4. Ba4 Nf6 5. 0-0 Be7 6. Re1 b5 7. Bb3 d6 8. c3 0-0 9. h3 Bb7 10. d4 Re8 11. Ng5 Rf8 12. Nf3 Qe8 1/2-1/2

[Event "Guillermo Garcia Memorial-C"]
[Site "Santa Clara"]
[Date "2024.05.15"]
[Round "2"]
[White "Rodriguez Hernandez, Luis Daniel"]
[Black "La Villa Rivas, Marlon Javier"]
[Result "1/2-1/2"]
[WhiteElo "2383"]
[BlackElo "2237"]
[PlyCount "43"]
[EventDate "2024.05.14"]
[EventType "tourn"]
[EventRounds "9"]
[EventCountry "CUB"]
[EventCategory "1"]
[SourceTitle "CBM 220 Extra"]
[Source "ChessBase"]
[SourceDate "2024.07.31"]
[SourceVersion "1"]
[SourceVersionDate "2024.07.31"]
[SourceQuality "1"]

1. e4 e6 2. d4 d5 3. e5 c5 4. c3 Bd7 5. Nf3 Qb6 6. a3 Bb5 7. dxc5 Bxc5 8. Bxb5+ Qxb5 9. b4 Bb6 10. a4 Qc4 11. Na3 Qe4+ 12. Qe2 Qxe2+ 13. Kxe2 a6 14. c4 Ne7 15. cxd5 Nxd5 16. Nc4 0-0 17. Bd2 Nc6 18. Nxb6 Nxb6 19. Rhc1 Nd7 20. Bc3 Rfc8 21. Rd1 Nb6 22. b5 1/2-1/2

[Event "Guillermo Garcia Memorial-C"]
[Site "Santa Clara"]
[Date "2024.05.14"]
[Round "1"]
[White "Ochoa de la Rosa, Manuel Dario"]
[Black "Rodriguez Hernandez, Luis Daniel"]
[Result "1/2-1/2"]
[WhiteElo "2387"]
[BlackElo "2383"]
[PlyCount "62"]
[EventDate "2024.05.14"]
[EventType "tourn"]
[EventRounds "9"]
[EventCountry "CUB"]
[EventCategory "1"]
[SourceTitle "CBM 220 Extra"]
[Source "ChessBase"]
[SourceDate "2024.07.31"]
[SourceVersion "1"]
[SourceVersionDate "2024.07.31"]
[SourceQuality "1"]

1. d4 Nf6 2. c4 e6 3. Nf3 d5 4. Nc3 dxc4 5. e4 b5 6. Nxb5 Nxe4 7. Qa4 c6 8. Nc3 Nxc3 9. bxc3 Bd6 10. Bxc4 0-0 11. 0-0 Qc7 12. Bd3 Nd7 13. Qc2 h6 14. Qe2 c5 15. Qe4 Nf6 16. Qh4 Nd5 17. c4 Be7 18. Qe4 f5 19. Qe2 Nf4 20. Bxf4 Qxf4 21. d5 Bf6 22. Rae1 Re8 23. g3 Qg4 24. Nd2 Qxe2 25. Rxe2 e5 26. f3 Bd7 27. Rb1 Rab8 28. Ree1 Rxb1 29. Rxb1 Bg5 30. Nf1 e4 31. Be2 f4 1/2-1/2

[Event "Capablanca Memorial op 57th"]
[Site "Havana"]
[Date "2024.05.10"]
[Round "8"]
[White "Vazquez Igarza, Renier"]
[Black "Rodriguez Hernandez, Luis Daniel"]
[Result "1-0"]
[WhiteElo "2503"]
[BlackElo "2383"]
[PlyCount "163"]
[EventDate "2024.05.03"]
[EventType "swiss"]
[EventRounds "10"]
[EventCountry "CUB"]
[SourceTitle "EXT 2025"]
[Source "ChessBase"]
[SourceDate "2024.10.14"]
[SourceVersion "1"]
[SourceVersionDate "2024.10.14"]
[SourceQuality "1"]

1. Nf3 d5 2. d4 Nf6 3. c4 e6 4. g3 dxc4 5. Bg2 Nc6 6. 0-0 Rb8 7. Bg5 Be7 8. e3 b5 9. a4 a6 10. axb5 axb5 11. b3 cxb3 12. Qxb3 0-0 13. Rc1 Bb7 14. Nbd2 b4 15. Bxf6 Bxf6 16. Ne4 Be7 17. Nc5 Bxc5 18. Rxc5 Ne7 19. Ne5 Bxg2 20. Kxg2 Ra8 21. Rac1 Nd5 22. Nc6 Qd7 23. e4 Ne7 24. Nxe7+ Qxe7 25. Rxc7 Qd6 26. R7c4 Rab8 27. Rb1 f5 28. e5 Qd5+ 29. f3 Qb5 30. Rb2 Qd5 31. Rb1 Qb5 32. Kf2 Qd7 33. Rxb4 Rxb4 34. Qxb4 Rd8 35. Ke3 h6 36. Rc1 Rc8 37. Rc5 Ra8 38. Rc2 Qd5 39. Qc5 Qb3+ 40. Qc3 Qb1 41. Rc1 Qa2 42. Rc2 Qb1 43. Rc1 Qa2 44. Qd2 Ra3+ 45. Rc3 Rxc3+ 46. Qxc3 Kh7 47. h4 Qg2 48. Qe1 g5 49. hxg5 hxg5 50. d5 exd5 51. Kd4 Qb2+ 52. Qc3 Qb6+ 53. Kxd5 Qd8+ 54. Ke6 Qe8+ 55. Kf6 Qg6+ 56. Ke7 Qg7+ 57. Kd6 Qf8+ 58. Ke6 Qe8+ 59. Kxf5 Qg6+ 60. Kg4 Kh6 61. Kh3 g4+ 62. fxg4 Qe4 63. Qd2+ Kh7 64. Qd7+ Kh8 65. Qd8+ Kh7 66. Qe7+ Kg8 67. Qg5+ Kh8 68. Qf6+ Kg8 69. Kh4 Qh1+ 70. Kg5 Qc1+ 71. Kh5 Qh1+ 72. Qh4 Qd5 73. Qg5+ Kh7 74. Qe7+ Kh8 75. Kh6 Qd2+ 76. Qg5 Qd7 77. Qf6+ Kg8 78. e6 Qh7+ 79. Kg5 Qh6+ 80. Kf5 Qh1 81. Qf7+ Kh8 82. Qh5+ 1-0

[Event "Matanzas IM"]
[Site "Matanzas"]
[Date "2023.10.11"]
[Round "3"]
[White "Marin Posada, Sebastian"]
[Black "Rodriguez Hernandez, Luis Daniel"]
[Result "1/2-1/2"]
[WhiteElo "2308"]
[BlackElo "2385"]
[PlyCount "58"]
[EventDate "2023.10.10"]
[EventType "tourn"]
[EventRounds "9"]
[EventCountry "CUB"]
[EventCategory "4"]
[SourceTitle "EXT 2025"]
[Source "ChessBase"]
[SourceDate "2024.10.14"]
[SourceVersion "1"]
[SourceVersionDate "2024.10.14"]
[SourceQuality "1"]

1. e4 e5 2. Nf3 Nc6 3. Bb5 a6 4. Ba4 Nf6 5. 0-0 Be7 6. Re1 b5 7. Bb3 0-0 8. h3 Bb7 9. d3 d5 10. exd5 Nxd5 11. Nbd2 Qd7 12. Ne4 Kh8 13. Bd2 f5 14. Nc3 Nf6 15. Nxe5 Nxe5 16. Rxe5 Bd6 17. Re1 Qc6 18. f3 Bc5+ 19. Be3 Rae8 20. Bxc5 Qxc5+ 21. d4 Rxe1+ 22. Qxe1 Qxd4+ 23. Qf2 Qxf2+ 24. Kxf2 Re8 25. Re1 Rxe1 26. Kxe1 c5 27. Be6 g6 28. Ne2 Kg7 29. Nf4 c4 1/2-1/2

[Event "Varadero Elite"]
[Site "Varadero"]
[Date "2023.10.07"]
[Round "8"]
[White "Rodriguez Hernandez, Luis Daniel"]
[Black "Ordaz Valdes, Lisandra Teresa"]
[Result "1/2-1/2"]
[WhiteElo "2385"]
[BlackElo "2324"]
[PlyCount "40"]
[EventDate "2023.10.03"]
[EventType "tourn"]
[EventRounds "9"]
[EventCountry "CUB"]
[EventCategory "4"]
[SourceTitle "CBM 216 Extra"]
[Source "ChessBase"]
[SourceDate "2023.11.30"]
[SourceVersion "1"]
[SourceVersionDate "2023.11.30"]
[SourceQuality "1"]

1. e4 e5 2. Nf3 Nc6 3. Nc3 Nf6 4. d4 exd4 5. Nxd4 Bb4 6. Nxc6 bxc6 7. Bd3 d5 8. exd5 cxd5 9. 0-0 0-0 10. Bg5 c6 11. Qf3 h6 12. Bxf6 Qxf6 13. Qxf6 gxf6 14. Ne2 Bd7 15. Nd4 Bd6 16. Nf5 Bxf5 17. Bxf5 Rfe8 18. Rfe1 Rxe1+ 19. Rxe1 Kf8 20. g3 Re8 1/2-1/2

[Event "Varadero Elite"]
[Site "Varadero"]
[Date "2023.10.04"]
[Round "4"]
[White "Ramos Silvera, Roberto Alejandro"]
[Black "Rodriguez Hernandez, Luis Daniel"]
[Result "1/2-1/2"]
[WhiteElo "2297"]
[BlackElo "2385"]
[PlyCount "69"]
[EventDate "2023.10.03"]
[EventType "tourn"]
[EventRounds "9"]
[EventCountry "CUB"]
[EventCategory "4"]
[SourceTitle "CBM 216 Extra"]
[Source "ChessBase"]
[SourceDate "2023.11.30"]
[SourceVersion "1"]
[SourceVersionDate "2023.11.30"]
[SourceQuality "1"]

1. Nf3 Nf6 2. c4 e6 3. d4 d5 4. g3 Bb4+ 5. Bd2 a5 6. Qc2 0-0 7. a3 Be7 8. Bg2 c6 9. 0-0 Nbd7 10. Rd1 b6 11. Bg5 Ba6 12. Nbd2 Rc8 13. b4 c5 14. dxc5 bxc5 15. b5 Bb7 16. e4 dxe4 17. Ne1 h6 18. Bxf6 Bxf6 19. Rab1 Bd4 20. Bxe4 Bxe4 21. Qxe4 Qb6 22. Nb3 f5 23. Qe2 e5 24. Nf3 Rce8 25. a4 Nf6 26. Nfxd4 exd4 27. Qf3 Ne4 28. Re1 Re5 29. Kg2 Rfe8 30. h4 R8e6 31. Rbd1 Kh7 32. Re2 g5 33. Rde1 gxh4 34. Rxe4 fxe4 35. Qf7+ 1/2-1/2